00724cam a2200217 a 4500999001500000001000600015003000900021005001700030008004100047020001800088040003800106082002100144100001700165245008200182260004400264300003200308650002000340700001600360942001200376952011800388 c3701d370118529BD-DhUAP20200311113712.0200311s2001 nyu b 000 0 eng  a9780375759345 aBD-DhUAPcBD-DhUAPdBD-DhUAPbEng00a821.912 ELI223 1 aEliot, T. S.14aThe waste land and other writings /cT. S. Eliot ; introduction by Mary Karr. aNew York :bThe Modern Library,cc2001. axxviii, 234 pages ;c20 cm. aEnglish poetry. aKarr, Mary. 2ddccBK 00102ddc4070aUAPCLbUAPCLcGeneral Stacksd2020-03-11o821.912 ELIp3010018529r2020-03-11t1w2020-03-11yBK